[Event "Online Olym Top DivC 2020"]
[Site "chess.com INT"]
[Date "2020.08.22"]
[Round "6.4"]
[Board "4"]
[White "Gevorgyan, Maria"]
[Black "Mayar ElIdrissi, Firdaous"]
[Result "1-0"]
[WhiteTitle "WGM"]
[WhiteElo "2228"]
[BlackElo "1760"]
[WhiteTeam "Armenia"]
[BlackTeam "Morocco"]
[WhiteFideId "13300270"]
[BlackFideId "9001727"]
[EventDate "2020.08.21"]
[EventType "team"]

1. e4 c6 2. d4 d5 3. e5 e6 4. f4 c5 5. Nf3 cxd4 6. Nxd4 a6 7. c3 Nc6 8. Be3 Bd7
9. Nd2 Nxd4 10. Bxd4 Ne7 11. Nf3 Nc6 12. Be2 Nxd4 13. Nxd4 Bc5 14. O-O Qb6 15.
Qd2 Rc8 16. Kh1 Bxd4 17. cxd4 Bb5 18. Qb4 Qc6 19. Bxb5 Qxb5 20. Qa3 Rc6 21. f5
exf5 22. Rxf5 Qc4 23. Raf1 Rf8 24. Qf3 f6 25. Qe3 Re6 26. R5f2 Kd7 27. Qg3 g6
28. Qh3 Rf7 29. exf6 Qxd4 30. Re2 Rxf6 31. Rfe1 Qb6 32. Qxh7+ Kd6 33. Rxe6+ 1-0

[Event "Online Olym Top DivC 2020"]
[Site "chess.com INT"]
[Date "2020.08.22"]
[Round "6.4"]
[Board "5"]
[White "Hadj Kholti, Yasser"]
[Black "Davtyan, Artur"]
[Result "0-1"]
[BlackTitle "IM"]
[WhiteElo "1871"]
[BlackElo "2466"]
[WhiteTeam "Morocco"]
[BlackTeam "Armenia"]
[WhiteFideId "9003258"]
[BlackFideId "13308327"]
[EventDate "2020.08.21"]
[EventType "team"]

1. e4 e5 2. Nf3 Nc6 3. d4 exd4 4. Bc4 Nf6 5. O-O Nxe4 6. Re1 d5 7. Bxd5 Qxd5 8.
Nc3 Qa5 9. Nxe4 Be6 10. Neg5 O-O-O 11. Nxe6 fxe6 12. Rxe6 Bd6 13. Bg5 Rde8 14.
Qe2 Kd7 15. Rxe8 Rxe8 16. Qd3 h6 17. Bd2 Qd5 18. h3 Re4 19. Kf1 a6 20. a4 Ne7
21. b4 Ng6 22. c4 Qf5 23. g4 Nf4 24. Bxf4 Qxf4 25. c5 Be7 26. Rd1 Bf6 27. Kg2
Kc8 28. Qc4 Re8 29. c6 Rd8 30. cxb7+ Kxb7 31. b5 axb5 32. Qxb5+ Kc8 33. a5 Qe4 0-1

[Event "Online Olym Top DivC 2020"]
[Site "chess.com INT"]
[Date "2020.08.22"]
[Round "6.4"]
[Board "6"]
[White "Sargsyan, Anna M."]
[Black "Makhlouf, Ahlam"]
[Result "1-0"]
[WhiteTitle "WGM"]
[BlackTitle "WFM"]
[WhiteElo "2402"]
[BlackElo "1419"]
[WhiteTeam "Armenia"]
[BlackTeam "Morocco"]
[WhiteFideId "13308130"]
[BlackFideId "9003380"]
[EventDate "2020.08.21"]
[EventType "team"]

1. d4 Nf6 2. c4 g6 3. g3 Bg7 4. Bg2 d6 5. Nc3 O-O 6. Nf3 Re8 7. O-O Nc6 8. e4 e5
9. dxe5 dxe5 10. Nd5 Nxe4 11. Re1 f5 12. Be3 Be6 13. Rc1 Ne7 14. Ng5 Bxd5 15.
cxd5 Nxg5 16. Bxg5 h6 17. Bxe7 Qxe7 18. Qb3 Qd6 19. Qxb7 Reb8 20. Qxc7 Qxc7 21.
Rxc7 Rxb2 22. d6 Rd8 23. Rd1 Bf8 24. d7 e4 25. Bf1 a5 26. Rd5 a4 27. Rc8 Be7 28.
Re5 Bf6 29. Re8+ Kf7 30. Bc4+ Kg7 31. Rcxd8 Bxd8 32. Rxd8 Rd2 33. Rg8+ Kf6 34.
d8=Q+ 1-0

[Event "Online Olym Top DivC 2020"]
[Site "chess.com INT"]
[Date "2020.08.22"]
[Round "6.5"]
[Board "1"]
[White "McShane, Luke J"]
[Black "Grischuk, Alexander"]
[Result "1/2-1/2"]
[WhiteTitle "GM"]
[BlackTitle "GM"]
[WhiteElo "2680"]
[BlackElo "2777"]
[WhiteTeam "England"]
[BlackTeam "Russia"]
[WhiteFideId "404853"]
[BlackFideId "4126025"]
[EventDate "2020.08.21"]
[EventType "team"]

1. e4 e5 2. Nf3 Nc6 3. Bb5 Nf6 4. d3 Bc5 5. Nbd2 d6 6. O-O O-O 7. c3 Ne7 8. d4
exd4 9. cxd4 Bb6 10. h3 d5 11. e5 Ne4 12. Bd3 Bf5 13. Qc2 Nc6 14. Nxe4 dxe4 15.
Bxe4 Nxd4 16. Nxd4 Bxe4 17. Qxe4 Qxd4 18. Qxb7 Qxe5 19. Qf3 Rfe8 20. Rb1 Rad8
21. Be3 Bxe3 22. fxe3 Qxe3+ 23. Qxe3 Rxe3 24. Rbd1 Rxd1 25. Rxd1 Kf8 26. Rd7 Re7
27. Rd5 Re2 28. b3 Rxa2 29. Rc5 a5 30. Rxc7 g5 31. Ra7 Ra3 32. Rb7 Kg7 33. Rb5
Kg6 34. b4 axb4 35. Rxb4 h5 36. Kf2 Ra2+ 37. Kf3 Ra3+ 38. Kf2 Ra6 39. Kf3 Rf6+
40. Kg3 Rd6 41. Kf3 Rf6+ 42. Kg3 Rc6 43. Kf3 f5 44. Rb3 Kf6 45. Rb5 Rc3+ 46. Kf2
Rd3 47. Ra5 Ke6 48. Ra6+ Ke5 49. Rh6 Rd2+ 50. Kg1 h4 51. Ra6 Ke4 52. Ra4+ Rd4
53. Ra1 g4 54. hxg4 fxg4 55. Rb1 g3 56. Ra1 Ke3 57. Re1+ Kd2 58. Ra1 Ke2 59.
Ra2+ Rd2 60. Rxd2+ Kxd2 61. Kh1 Ke2 62. Kg1 Ke1 63. Kh1 Kd2 64. Kg1 Ke2 65. Kh1
Ke3 66. Kg1 Kf4 67. Kh1 Kg5 68. Kg1 Kg4 69. Kh1 h3 70. Kg1 h2+ 71. Kh1 Kf5 1/2-1/2

[Event "Online Olym Top DivC 2020"]
[Site "chess.com INT"]
[Date "2020.08.22"]
[Round "6.5"]
[Board "3"]
[White "Houska, Jovanka"]
[Black "Lagno, Kateryna"]
[Result "1/2-1/2"]
[WhiteTitle "IM"]
[BlackTitle "GM"]
[WhiteElo "2381"]
[BlackElo "2546"]
[WhiteTeam "England"]
[BlackTeam "Russia"]
[WhiteFideId "405094"]
[BlackFideId "14109336"]
[EventDate "2020.08.21"]
[EventType "team"]

1. d4 Nf6 2. Nf3 g6 3. Nbd2 Bg7 4. e4 d6 5. Bb5+ c6 6. Bd3 O-O 7. O-O c5 8. c3
cxd4 9. cxd4 e5 10. dxe5 dxe5 11. Nc4 Nc6 12. Ncxe5 Nxe5 13. Nxe5 Re8 14. Nf3
Bd7 15. Re1 Bc6 16. e5 Ng4 17. Bf4 Qb6 18. Qe2 Bxf3 19. Qxf3 Nxe5 20. Bxe5 Bxe5
21. Re2 Re6 22. Bc4 Rf6 23. Qb3 Bd4 24. Qxb6 Bxb6 25. Rd1 Rc8 26. b3 Kf8 27. Kf1
Rd8 28. Rxd8+ Bxd8 29. Re3 Bb6 30. Rf3 Rxf3 31. gxf3 Bc7 32. h3 Ke7 33. Bd5 b6
34. a4 f6 35. Bg8 h6 36. Ke2 Bd6 37. Bc4 Bf4 38. Kd3 f5 39. b4 Bd6 40. b5 Kf6
41. Ke2 Ke5 42. Kf1 Kd4 43. Bf7 g5 44. Bg6 Ke5 45. Be8 Bc5 46. Bd7 h5 47. Be8 h4
48. Bd7 Bd4 49. Bc8 Kf4 50. Ke2 Bc5 51. Bd7 Ke5 52. Bc8 Bd6 53. Bd7 f4 54. Kd3
Bc5 55. Bg4 Kd5 56. Ke2 Kc4 57. Bc8 Kb4 58. Ba6 Kxa4 59. Ke1 Kb4 60. Ke2 Kc4 61.
Ke1 Kd3 62. Bc8 Kc2 63. Ke2 Kc3 64. Bf5 Bd4 65. Bc8 Kc4 66. Ba6 Bc5 67. Ke1 Kd3
68. Bb7 Kc4 69. Ba6 1/2-1/2

[Event "Online Olym Top DivC 2020"]
[Site "chess.com INT"]
[Date "2020.08.22"]
[Round "6.5"]
[Board "4"]
[White "Goryachkina, Aleksandra"]
[Black "Toma, Katarzyna"]
[Result "1-0"]
[WhiteTitle "GM"]
[BlackTitle "WGM"]
[WhiteElo "2582"]
[BlackElo "2289"]
[WhiteTeam "Russia"]
[BlackTeam "England"]
[WhiteFideId "4147103"]
[BlackFideId "1119907"]
[EventDate "2020.08.21"]
[EventType "team"]

1. d4 Nf6 2. Nc3 d5 3. Bf4 Bf5 4. e3 e6 5. Bd3 c6 6. Bxf5 exf5 7. Qd3 g6 8. h3
Nbd7 9. Nge2 h5 10. f3 Be7 11. O-O-O Qa5 12. Kb1 b5 13. Nc1 h4 14. Nb3 Qd8 15.
e4 fxe4 16. fxe4 b4 17. exd5 cxd5 18. Na4 Nh5 19. Bh2 O-O 20. Rhe1 Bf6 21. Qb5
Nb6 22. Nxb6 Qxb6 23. Qxd5 Rfd8 24. Qf3 a5 25. Nc5 Rac8 26. Be5 Bxe5 27. Rxe5
Ng7 28. Rf1 Nf5 29. Rxf5 gxf5 30. Qxf5 Qg6 31. Qf4 Rd5 32. Ne4 Kg7 33. b3 Rc6
34. g3 hxg3 35. Rg1 g2 36. Qf3 Rf5 37. Qxg2 Qxg2 38. Rxg2+ Kh6 39. Rd2 Rf1+ 40.
Kb2 Rf3 41. d5 Rc8 42. d6 Rd8 43. d7 Rf5 44. Nd6 Rf6 45. Nb7 1-0

[Event "Online Olym Top DivC 2020"]
[Site "chess.com INT"]
[Date "2020.08.22"]
[Round "6.5"]
[Board "5"]
[White "Willow, Jonah B"]
[Black "Esipenko, Andrey"]
[Result "0-1"]
[WhiteTitle "FM"]
[BlackTitle "GM"]
[WhiteElo "2386"]
[BlackElo "2682"]
[WhiteTeam "England"]
[BlackTeam "Russia"]
[WhiteFideId "438804"]
[BlackFideId "24175439"]
[EventDate "2020.08.21"]
[EventType "team"]

1. e4 e5 2. Nf3 Nc6 3. Nc3 Nf6 4. Bb5 Nd4 5. Bc4 Bc5 6. d3 d6 7. Na4 d5 8. exd5
Bb4+ 9. c3 Nxf3+ 10. Qxf3 Bd6 11. b4 O-O 12. Bg5 a5 13. b5 h6 14. Bxf6 gxf6 15.
O-O f5 16. d4 exd4 17. cxd4 Qh4 18. g3 Qxd4 19. Rac1 b6 20. Rfd1 Qg4 21. Qc3 Bd7
22. Qf6 Qg7 23. Qxg7+ Kxg7 24. Bd3 Rae8 25. Nb2 f4 26. Nc4 Bc5 27. a4 fxg3 28.
hxg3 Bg4 29. Re1 Rxe1+ 30. Rxe1 Rd8 31. Be4 Re8 32. Kg2 f5 33. f3 Bh5 34. Rh1
Bf7 35. Bxf5 Re2+ 36. Kf1 Rf2+ 37. Ke1 Rxf3 38. Be4 Rc3 39. Nd2 Rxg3 40. Kd1 Ra3
41. Rh4 Rxa4 42. Rg4+ Kf6 43. Rf4+ Ke7 44. Rf5 Rd4 45. Kc2 Bb4 46. Bd3 Bxd2 47.
Kxd2 Rxd3+ 0-1

[Event "Online Olym Top DivC 2020"]
[Site "chess.com INT"]
[Date "2020.08.22"]
[Round "6.5"]
[Board "6"]
[White "Shuvalova, Polina"]
[Black "Kalaiyalahan, Akshaya"]
[Result "1-0"]
[WhiteTitle "WGM"]
[BlackTitle "FM"]
[WhiteElo "2454"]
[BlackElo "2149"]
[WhiteTeam "Russia"]
[BlackTeam "England"]
[WhiteFideId "24171760"]
[BlackFideId "422894"]
[EventDate "2020.08.21"]
[EventType "team"]

1. e4 c5 2. Nf3 Nc6 3. d4 cxd4 4. Nxd4 g6 5. c4 Nf6 6. Nc3 d6 7. Be2 Nxd4 8.
Qxd4 Bg7 9. Be3 O-O 10. Qd2 a5 11. f3 a4 12. Rc1 Qa5 13. Kf2 Be6 14. Nd5 Bxd5
15. Qxa5 Rxa5 16. cxd5 e6 17. Bf4 exd5 18. Bxd6 Re8 19. e5 Nh5 20. Bc7 Raa8 21.
Bb5 Re6 22. Rhe1 f6 23. Bd7 Re7 24. e6 Bh6 25. Bd6 Bxc1 26. Rxc1 Rae8 27. g4
Rxe6 28. gxh5 Re2+ 29. Kf1 R8e3 30. Rc8+ Kf7 31. Rf8+ Kg7 32. h6+ Kxh6 33. Bf4+
Kg7 34. Bxe3 Rxe3 35. Rb8 Rxf3+ 36. Ke2 Rf4 37. Rxb7 Kh6 38. a3 Rh4 39. h3 f5
40. Rb4 Rxh3 41. Bxa4 Rh2+ 42. Ke3 Kg5 43. Bc6 f4+ 44. Kf3 Rh3+ 45. Kf2 Rh2+ 46.
Kf3 Rh3+ 47. Kg2 Rg3+ 48. Kf2 Rd3 49. a4 Rd2+ 50. Kf3 Rd3+ 51. Ke2 Re3+ 52. Kf2
Rd3 53. a5 Kg4 54. Bd7+ Kg5 55. a6 Rd1 56. a7 Ra1 57. Ra4 1-0

[Event "Online Olym Top DivC 2020"]
[Site "chess.com INT"]
[Date "2020.08.23"]
[Round "7.1"]
[Board "1"]
[White "Nepomniachtchi, Ian"]
[Black "Amin, Bassem"]
[Result "1-0"]
[WhiteTitle "GM"]
[BlackTitle "GM"]
[WhiteElo "2784"]
[BlackElo "2686"]
[WhiteTeam "Russia"]
[BlackTeam "Egypt"]
[WhiteFideId "4168119"]
[BlackFideId "10601457"]
[EventDate "2020.08.21"]
[EventType "team"]

1. e4 e5 2. Nf3 Nc6 3. Bb5 a6 4. Ba4 Nf6 5. O-O Be7 6. d3 d6 7. c3 O-O 8. Re1
Re8 9. Nbd2 Bf8 10. Nf1 b5 11. Bb3 Na5 12. Bc2 c5 13. d4 exd4 14. cxd4 Bg4 15.
d5 Bxf3 16. gxf3 g6 17. b3 Bg7 18. Rb1 Rc8 19. Ng3 b4 20. Bd3 Qb6 21. Be3 Qb7
22. Qe2 Ra8 23. f4 Qc8 24. f5 Nd7 25. f4 Bc3 26. Rf1 c4 27. bxc4 Nc5 28. Bxc5
Qxc5+ 29. Kh1 Rac8 30. fxg6 fxg6 31. f5 Qd4 32. fxg6 hxg6 33. Qg4 Qg7 34. e5
Bxe5 35. Bxg6 Bxg3 36. Rf7 Qh6 37. Qxg3 Re3 38. Qg2 Nxc4 39. Rh7 Qxh7 40. Bxh7+
Kxh7 41. Rg1 1-0

[Event "Online Olym Top DivC 2020"]
[Site "chess.com INT"]
[Date "2020.08.23"]
[Round "7.1"]
[Board "2"]
[White "Hesham, Abdelrahman"]
[Black "Artemiev, Vladislav"]
[Result "0-1"]
[WhiteTitle "GM"]
[BlackTitle "GM"]
[WhiteElo "2414"]
[BlackElo "2716"]
[WhiteTeam "Egypt"]
[BlackTeam "Russia"]
[WhiteFideId "10600183"]
[BlackFideId "24101605"]
[EventDate "2020.08.21"]
[EventType "team"]

1. d4 Nf6 2. c4 g6 3. f3 Nc6 4. d5 Ne5 5. e4 d6 6. Ne2 Bg7 7. Ng3 c6 8. Be2 Qb6
9. Qb3 Nfd7 10. f4 Qxb3 11. axb3 Nc5 12. fxe5 Nxb3 13. Ra3 Nxc1 14. Bf1 Bxe5 15.
Nc3 h5 16. Na4 h4 17. Ne2 Nxe2 18. Bxe2 Rb8 19. b4 O-O 20. O-O Bd7 21. Nc3 Rfc8
22. Kh1 Rc7 23. Rb3 e6 24. dxe6 Bxe6 25. Ra3 a6 26. Nd1 c5 27. bxc5 Rxc5 28. Ne3
b5 29. cxb5 axb5 30. Nd5 Bxd5 31. exd5 Rb7 32. Rb3 b4 33. Rfb1 Rc3 34. Kg1 Rxb3
35. Rxb3 Bc3 36. Rb1 b3 37. h3 b2 38. Kf1 Kg7 39. Bd1 Bd2 40. Ke2 Bc1 0-1

[Event "Online Olym Top DivC 2020"]
[Site "chess.com INT"]
[Date "2020.08.23"]
[Round "7.1"]
[Board "3"]
[White "Lagno, Kateryna"]
[Black "Wafa, Shrook"]
[Result "1-0"]
[WhiteTitle "GM"]
[BlackTitle "WGM"]
[WhiteElo "2546"]
[BlackElo "2182"]
[WhiteTeam "Russia"]
[BlackTeam "Egypt"]
[WhiteFideId "14109336"]
[BlackFideId "10609970"]
[EventDate "2020.08.21"]
[EventType "team"]

1. e4 c5 2. Nf3 Nc6 3. c3 e6 4. d4 cxd4 5. cxd4 d5 6. e5 Bb4+ 7. Nc3 Nge7 8. Bd3
Bd7 9. O-O Rc8 10. Ne2 Ng6 11. a3 Be7 12. b4 a6 13. Rb1 b5 14. Be3 Qb6 15. Nc1
a5 16. bxa5 Nxa5 17. Bxb5 Bxb5 18. a4 O-O 19. Rxb5 Qa6 20. Bg5 Bxg5 21. Nxg5 h6
22. Nf3 Ra8 23. Nd3 Nc4 24. Nc5 Qc6 25. Qb3 f6 26. exf6 Rxf6 27. Rb8+ Rxb8 28.
Qxb8+ Rf8 29. Qb5 Qxb5 30. axb5 Rb8 31. Rb1 Na3 32. Rb3 Rxb5 33. Rxb5 Nxb5 34.
Nxe6 Kf7 35. Nc5 Nf4 36. Kf1 Ne6 37. Nb3 Nc3 38. Ke1 Ne4 39. Ne5+ Kf6 40. Nd3
Kf5 41. f3 Nf6 42. Kd2 h5 43. Ke3 g5 44. Nbc5 Nf4 45. Nxf4 1-0

[Event "Online Olym Top DivC 2020"]
[Site "chess.com INT"]
[Date "2020.08.23"]
[Round "7.1"]
[Board "5"]
[White "Sarana, Alexey"]
[Black "Fawzy, Adham"]
[Result "1-0"]
[WhiteTitle "GM"]
[BlackTitle "GM"]
[WhiteElo "2654"]
[BlackElo "2467"]
[WhiteTeam "Russia"]
[BlackTeam "Egypt"]
[WhiteFideId "24133795"]
[BlackFideId "10613129"]
[EventDate "2020.08.21"]
[EventType "team"]

1. e4 c5 2. Nf3 Nc6 3. d4 cxd4 4. Nxd4 Nf6 5. Nc3 e5 6. Ndb5 d6 7. Bg5 a6 8. Na3
b5 9. Bxf6 gxf6 10. Nd5 f5 11. Bd3 Be6 12. c3 Bg7 13. Qh5 O-O 14. exf5 Bxd5 15.
f6 e4 16. fxg7 Re8 17. Be2 Re5 18. Qh6 b4 19. Nc2 bxc3 20. bxc3 Qa5 21. O-O Qxc3
22. Ne3 Nd4 23. Bg4 Be6 24. Rac1 Qa5 25. Rfd1 Qb6 26. Qf6 Nb5 27. a4 Nc7 28.
Bxe6 Rxe6 29. Qc3 Ne8 30. Nf5 Qc5 31. Qxc5 dxc5 32. Rxc5 Nxg7 33. Ne3 Rf8 34.
Rd7 f5 35. g3 f4 36. gxf4 Rxf4 37. Nd5 Rf7 38. Rc8+ Re8 39. Rxe8+ Nxe8 40. Rd8
Rf8 41. Rxe8 Rxe8 42. Nf6+ Kf7 43. Nxe8 Kxe8 44. Kg2 Ke7 45. Kg3 Ke6 46. Kf4 Kd5
47. a5 Kd4 48. h4 h5 49. Kf5 Kd5 50. Kg6 Ke5 51. Kxh5 Kf5 52. Kh6 Kg4 53. Kg6
Kf3 54. Kf5 1-0

[Event "Online Olym Top DivC 2020"]
[Site "chess.com INT"]
[Date "2020.08.23"]
[Round "7.1"]
[Board "6"]
[White "Allam, Yara"]
[Black "Potapova, Margarita"]
[Result "0-1"]
[WhiteTitle "WCM"]
[BlackTitle "WIM"]
[WhiteElo "1752"]
[BlackElo "2270"]
[WhiteTeam "Egypt"]
[BlackTeam "Russia"]
[WhiteFideId "10615709"]
[BlackFideId "14126869"]
[EventDate "2020.08.21"]
[EventType "team"]

1. e4 c5 2. Nf3 d6 3. d4 cxd4 4. Nxd4 Nf6 5. Nc3 a6 6. f3 e5 7. Nb3 Be6 8. Be3
Be7 9. Qd2 O-O 10. g4 d5 11. g5 d4 12. gxf6 Bxf6 13. O-O-O dxe3 14. Qxd8 Rxd8
15. Rxd8+ Bxd8 16. Nc5 b6 17. Nxe6 fxe6 18. Bh3 Kf7 19. Rd1 Bg5 20. Ne2 Ke7 21.
Rd3 Nc6 22. c3 Bf4 23. Kc2 Rc8 24. Kd1 b5 25. Nc1 Nb4 26. cxb4 Rxc1+ 27. Ke2
Rc2+ 28. Ke1 e2 29. Bg4 g6 30. Bh3 Bxh2 31. Rd2 Rc4 32. a3 Bf4 33. Rxe2 h5 34.
Kf2 g5 35. Kg2 Rc1 36. Rf2 Be3 37. Re2 Bd4 38. Rd2 Rc8 39. Kh2 Rf8 40. Kg3 Kd6
41. Rc2 Kd7 42. Kg2 Ra8 43. Kg3 Rg8 44. Rd2 Rc8 45. Kg2 Rc1 46. Kh2 Rb1 47. Kg3
Rxb2 48. Rd3 Ke7 49. Bf1 Kf6 50. Bg2 g4 51. fxg4 hxg4 52. Bh1 Kg5 53. Bg2 Bf2+
54. Kh2 Kf4 55. Kh1 Rb1+ 56. Kh2 Rc1 57. Bh1 g3+ 58. Kg2 Rg1+ 0-1

[Event "Online Olym Top DivC 2020"]
[Site "chess.com INT"]
[Date "2020.08.23"]
[Round "7.2"]
[Board "1"]
[White "Aronian, Levon"]
[Black "Adams, Michael"]
[Result "1/2-1/2"]
[WhiteTitle "GM"]
[BlackTitle "GM"]
[WhiteElo "2773"]
[BlackElo "2706"]
[WhiteTeam "Armenia"]
[BlackTeam "England"]
[WhiteFideId "13300474"]
[BlackFideId "400041"]
[EventDate "2020.08.21"]
[EventType "team"]

1. d4 Nf6 2. c4 e6 3. Nf3 d5 4. Nc3 a6 5. c5 b6 6. cxb6 cxb6 7. Bf4 Nh5 8. Bg5
Be7 9. Bxe7 Qxe7 10. e3 Nf6 11. Rc1 Bb7 12. Bd3 Nbd7 13. O-O O-O 14. Ne5 Rfc8
15. f4 Ne4 16. Bxe4 dxe4 17. Nxd7 Qxd7 18. Rf2 Rc7 19. Rfc2 Rac8 20. Nb1 h6 21.
a3 Bd5 22. Rxc7 Rxc7 23. Rxc7 Qxc7 24. Nc3 b5 25. f5 Qc4 26. fxe6 fxe6 27. Kf2
Qc7 28. Qh5 Qc4 29. Qd1 Qc7 30. Qh5 Qc4 31. Qd1 1/2-1/2

[Event "Online Olym Top DivC 2020"]
[Site "chess.com INT"]
[Date "2020.08.23"]
[Round "7.2"]
[Board "2"]
[White "Howell, David W L"]
[Black "Sargissian, Gabriel"]
[Result "1/2-1/2"]
[WhiteTitle "GM"]
[BlackTitle "GM"]
[WhiteElo "2663"]
[BlackElo "2682"]
[WhiteTeam "England"]
[BlackTeam "Armenia"]
[WhiteFideId "410608"]
[BlackFideId "13300881"]
[EventDate "2020.08.21"]
[EventType "team"]

1. Nf3 d5 2. g3 c6 3. Bg2 Bg4 4. O-O Nd7 5. h3 Bh5 6. d4 e6 7. c4 Be7 8. cxd5
exd5 9. Nc3 Bxf3 10. exf3 Ngf6 11. h4 O-O 12. Bh3 Re8 13. Qd3 Nb6 14. Re1 Bd6
15. Rxe8+ Qxe8 16. Bg5 Nfd7 17. b3 Qf8 18. a4 a5 19. Na2 h6 20. Bd2 Qd8 21. Bc3
Nf8 22. Qd2 Nbd7 23. Nc1 Qb6 24. Rb1 Qc7 25. Kg2 b6 26. Nd3 Re8 27. Rc1 Qb7 28.
Bb2 Nb8 29. Qc2 Nfd7 30. Kg1 Nf8 31. f4 b5 32. Ba1 b4 33. Ne5 Bxe5 34. fxe5 Nfd7
35. f4 Qb6 36. Kh2 Rc8 37. f5 Re8 38. Bb2 Qa6 39. Qd2 c5 40. e6 Nf6 41. dxc5 Ne4
42. Qd4 Qe2+ 43. Bg2 Nf6 44. Kg1 Nc6 45. Qf2 Qxf2+ 46. Kxf2 Ne4+ 47. Bxe4 dxe4
48. Rd1 fxe6 49. Rd6 Nd8 50. Rd7 exf5 51. Rxg7+ Kf8 52. Rd7 Ne6 53. Be5 Rc8 54.
Rd5 Kf7 55. Bd6 Ng7 56. Ke3 Kf6 57. Be5+ Ke6 58. Kd4 Ne8 59. Bf4 Nf6 60. Re5+
Kf7 61. Rxf5 Rd8+ 62. Kc4 Rd3 63. Be5 Ke6 64. Rxf6+ Kxe5 65. Rxh6 Rc3+ 66. Kb5
e3 67. Rh8 Rxb3 68. Kxa5 Kd4 69. c6 e2 70. Rd8+ Ke3 71. c7 Rc3 72. Re8+ Kf2 73.
Kxb4 Rxc7 74. a5 Rg7 75. a6 Rxg3 76. a7 Re3 77. Rxe3 Kxe3 78. a8=Q e1=Q+ 79. Kb3
Qxh4 80. Qa7+ Qd4 81. Qxd4+ Kxd4 1/2-1/2

[Event "Online Olym Top DivC 2020"]
[Site "chess.com INT"]
[Date "2020.08.23"]
[Round "7.2"]
[Board "3"]
[White "Danielian, Elina"]
[Black "Houska, Jovanka"]
[Result "0-1"]
[WhiteTitle "GM"]
[BlackTitle "IM"]
[WhiteElo "2407"]
[BlackElo "2381"]
[WhiteTeam "Armenia"]
[BlackTeam "England"]
[WhiteFideId "13300210"]
[BlackFideId "405094"]
[EventDate "2020.08.21"]
[EventType "team"]

1. d4 d5 2. c4 e6 3. Nc3 Nf6 4. Nf3 Be7 5. Bf4 O-O 6. e3 Nbd7 7. c5 Ne4 8. Nxe4
dxe4 9. Ne5 Nxe5 10. Bxe5 Bf6 11. Bg3 Re8 12. Bc4 Bd7 13. Qc2 Bc6 14. O-O a5 15.
Rad1 Qd7 16. b3 g6 17. f3 exf3 18. gxf3 b6 19. Be2 Red8 20. Rc1 b5 21. Rcd1 Qe7
22. Qc3 b4 23. Qb2 Bh4 24. Bc4 Bd5 25. Rc1 a4 26. Qf2 Bxg3 27. Qxg3 axb3 28.
axb3 Ra3 29. Rf2 Bxc4 30. Rxc4 Rxb3 31. Qf4 Ra8 32. Kg2 Rb1 33. e4 Raa1 34. Kh3
Kg7 35. c6 f6 36. Rc5 h5 37. e5 f5 38. Rg2 Rg1 39. Rb5 g5 40. Qe3 g4+ 41. fxg4
hxg4+ 42. Kg3 Rgf1 43. Rf2 Rg1+ 44. Rg2 Ra3 45. Qxa3 Rxg2+ 46. Kxg2 bxa3 47. Ra5
Qb4 48. Ra7 Qb2+ 49. Kg3 a2 0-1

[Event "Online Olym Top DivC 2020"]
[Site "chess.com INT"]
[Date "2020.08.23"]
[Round "7.2"]
[Board "4"]
[White "Hunt, Harriet V"]
[Black "Mkrtchian, Lilit"]
[Result "1/2-1/2"]
[WhiteTitle "IM"]
[BlackTitle "IM"]
[WhiteElo "2414"]
[BlackElo "2388"]
[WhiteTeam "England"]
[BlackTeam "Armenia"]
[WhiteFideId "403512"]
[BlackFideId "13300601"]
[EventDate "2020.08.21"]
[EventType "team"]

1. e4 e6 2. d4 d5 3. Nd2 c5 4. exd5 exd5 5. Ngf3 Nc6 6. Bb5 Qe7+ 7. Be2 Qc7 8.
O-O Nf6 9. Re1 cxd4 10. Nb3 Be7 11. Nbxd4 O-O 12. h3 h6 13. c3 a6 14. Bd3 Re8
15. Nf5 Bxf5 16. Bxf5 Bc5 17. b4 Bb6 18. Bd2 Ne4 19. Re2 Ng3 20. Rxe8+ Rxe8 21.
Bd3 Ne5 22. Nxe5 Qxe5 23. Qf3 Ne4 24. Be1 Re6 25. Bxe4 dxe4 26. Qe2 e3 27. fxe3
Bxe3+ 28. Kh1 Qf4 29. Qd3 Rd6 30. Qe2 Re6 31. Qd3 Rd6 32. Qe2 Re6 1/2-1/2

[Event "Online Olym Top DivC 2020"]
[Site "chess.com INT"]
[Date "2020.08.23"]
[Round "7.2"]
[Board "5"]
[White "Martirosyan, Haik M."]
[Black "Wadsworth, Matthew J"]
[Result "1-0"]
[WhiteTitle "GM"]
[BlackTitle "IM"]
[WhiteElo "2622"]
[BlackElo "2416"]
[WhiteTeam "Armenia"]
[BlackTeam "England"]
[WhiteFideId "13306553"]
[BlackFideId "415804"]
[EventDate "2020.08.21"]
[EventType "team"]

1. d4 Nf6 2. c4 c5 3. d5 e6 4. Nc3 exd5 5. cxd5 d6 6. e4 g6 7. f4 Bg7 8. Bb5+
Nfd7 9. Bd3 O-O 10. Nf3 b6 11. O-O Ba6 12. Re1 c4 13. Bc2 Re8 14. Be3 Nc5 15.
Bd4 Nbd7 16. Bxg7 Kxg7 17. Qd4+ Kg8 18. b4 Nd3 19. Bxd3 cxd3 20. b5 Bb7 21. Qxd3
Qf6 22. Qe3 Rac8 23. e5 dxe5 24. fxe5 Qg7 25. Ne4 Nxe5 26. Qf4 Nxf3+ 27. gxf3
Qd4+ 28. Kh1 f5 29. Rad1 Qc4 30. Nf6+ Kf7 31. Qd6 Rxe1+ 32. Rxe1 Qc7 33. Qe6+
Kg7 34. Ne8+ Rxe8 35. Qxe8 Qf4 36. Qe5+ Qxe5 37. Rxe5 Kf6 38. d6 Bc8 39. Re7 Be6
40. Rxh7 1-0

[Event "Online Olym Top DivC 2020"]
[Site "chess.com INT"]
[Date "2020.08.23"]
[Round "7.2"]
[Board "6"]
[White "Kalaiyalahan, Akshaya"]
[Black "Sargsyan, Anna M."]
[Result "1-0"]
[WhiteTitle "FM"]
[BlackTitle "WGM"]
[WhiteElo "2149"]
[BlackElo "2402"]
[WhiteTeam "England"]
[BlackTeam "Armenia"]
[WhiteFideId "422894"]
[BlackFideId "13308130"]
[EventDate "2020.08.21"]
[EventType "team"]

1. Nf3 d5 2. d4 f6 3. c4 c6 4. Nbd2 Bf5 5. e3 e6 6. Qb3 Qc7 7. Be2 Nd7 8. Nh4
Bg6 9. Nxg6 hxg6 10. g3 f5 11. O-O Ngf6 12. Qd1 g5 13. Nf3 g4 14. Nd2 g5 15.
cxd5 cxd5 16. Re1 Bd6 17. Nf1 Ne4 18. Bd2 Ndf6 19. Qa4+ Kf7 20. Bb4 Nxf2 21.
Kxf2 Rxh2+ 22. Nxh2 Ne4+ 23. Kg2 Bxb4 24. Nf1 Bxe1 25. Rxe1 Rh8 26. Bd3 Kf6 27.
Bxe4 dxe4 28. Qd1 Qh7 29. Kf2 Qh1 30. d5 Rd8 31. Qd4+ e5 32. Qb4 b6 33. a4 Kf7
34. Rc1 f4 35. Rc7+ Kg6 36. Rc6+ Kf5 37. Qe7 1-0